| 000 | 00614cam a22001931 4500 | ||
|---|---|---|---|
| 001 | 000003098 | ||
| 005 | 20260429135247.0 | ||
| 008 | 891228t19571957py 000 0 spa | ||
| 010 | _a63031609 | ||
| 040 |
_aDO-SdBNP _bspa _cBNPHU |
||
| 082 |
_a809 _bD671e |
||
| 100 | 1 |
_aDomínguez, Manuel, _d1869-1935. _99772 |
|
| 245 | 1 | 0 | _aEstudios históricos y literarios. |
| 260 |
_aAsunción, Paraguay : _bEmede, _c1957. |
||
| 300 |
_a235p. ; _c19 cm. |
||
| 504 | _aIncluye referencias bibliográficas y notas al pie de las páginas | ||
| 650 | 0 |
_aLiteratura _xHistoria y crítica _9835 |
|
| 650 | 4 |
_aLiteratura _xEnsayos _99048 |
|
| 999 |
_c2929 _d2929 |
||